| 000 | 01287nam a22003497a 4500 | ||
|---|---|---|---|
| 082 |
_a624.0299 _bMIL _cM-26,P-72 |
||
| 110 |
_aMilitary Engineers Service _937093 |
||
| 245 | _aAmendment no.1 to schedule of rates 1988 | ||
| 260 |
_aRawalpindi,: _bMilitary Engineers Service, _c1990. |
||
| 300 |
_a44p.: _bill.; _c24cm. |
||
| 526 |
_a0 _b0 _c0 _d624_029900000000000_MIL |
||
| 526 |
_a0 _b0 _c0 _d624_029900000000000_MIL |
||
| 526 |
_a0 _b0 _c0 _d624_029900000000000_MIL |
||
| 526 |
_a0 _b0 _c0 _d624_029900000000000_MIL |
||
| 526 |
_a0 _b0 _c0 _d624_029900000000000_MIL |
||
| 526 |
_a0 _b0 _c0 _d624_029900000000000_MIL |
||
| 526 |
_a0 _b0 _c0 _d624_029900000000000_MIL |
||
| 526 |
_a0 _b0 _c0 _d624_029900000000000_MIL |
||
| 526 |
_a0 _b0 _c0 _d624_029900000000000_MIL |
||
| 526 |
_a0 _b0 _c0 _d624_029900000000000_MIL |
||
| 526 |
_a0 _b0 _c0 _d624_029900000000000_MIL |
||
| 526 |
_a0 _b0 _c0 _d624_029900000000000_MIL |
||
| 526 |
_a0 _b0 _c0 _d624_029900000000000_MIL |
||
| 526 |
_a0 _b0 _c0 _d624_029900000000000_MIL |
||
| 526 |
_a0 _b0 _c0 _d624_029900000000000_MIL |
||
| 526 |
_a0 _b0 _c0 _d624_029900000000000_MIL |
||
| 526 |
_a0 _b0 _c0 _d624_029900000000000_MIL |
||
| 526 |
_a0 _b0 _c0 _d624_029900000000000_MIL |
||
| 526 |
_a0 _b0 _c0 _d624_029900000000000_MIL |
||
| 650 |
_aMCE _9379 |
||
| 942 |
_2ddc _cBK |
||
| 999 |
_c542014 _d542014 |
||